Dänemarks Fußballer des Jahres - Statistiken

Allgemein
  • Dieses Quiz wurde 190 mal gespielt
  • Das Durchschnittsergebnis liegt bei 20 aus 40
Antwortstatistiken
Jahr Land Verein/e Land % Korrekt
2011 Christian Eriksen Ajax Amsterdam Niederlande
91%
2013 Christian Eriksen Ajax Amsterdam/Tottenham Hotspur Niederlande
91%
2014 Christian Eriksen Tottenham Hotspur /England
91%
2017 Christian Eriksen Tottenham Hotspur England
91%
2015 Kasper Schmeichel Leicester City England
91%
2016 Kasper Schmeichel Leicester City England
91%
2018 Kasper Schmeichel Leicester City England
91%
2019 Kasper Schmeichel Leicester City England
91%
1990 Peter Schmeichel Bröndby IF Dänemark
91%
1993 Peter Schmeichel Manchester United England
91%
1999 Peter Schmeichel Manchester United/Sporting Lissabon England
91%
1989 Brian Laudrup Bröndby IF/Bayer 05 Uerdingen Dänemark/Deutschland
76%
1992 Brian Laudrup FC Bayern München/AC Florenz Deutschland/Italien
76%
1995 Brian Laudrup Glasgow Rangers Schottland
76%
1997 Brian Laudrup Glasgow Rangers Schottland
76%
1982 Michael Laudrup Bröndby IF Dänemark
76%
1985 Michael Laudrup Lazio Rom/Juventus Turin Italien
76%
2021 Simon Kjaer AC Mailand Italien
69%
2020 Pierre-Emile Höjbjerg FC Southampton/Tottenham Hotspur England
58%
1998 Ebbe Sand Bröndby IF Dänemark
49%
2001 Ebbe Sand FC Schalke 04 Deutschland
49%
2007 Daniel Agger FC Liverpool England
36%
2012 Daniel Agger FC Liverpool England
36%
2005 Christian Poulsen FC Schake 04 Deutschland
31%
2006 Christian Poulsen FC Schalke 04/FC Sevilla Deutschland/Spanien
31%
2004 Jan Dahl Tomasson AC Mailand Italien
25%
2002 Jon Dahl Tomasson Feyenoord Rotterdam/AC Mailand Niederlande/Italien
25%
2009 Nicklas Bendtner FC Arsenal England
25%
1983 Morten Olsen RSC Anderlecht Belgien
18%
1986 Morten Olsen RSC Anderlecht/1.FC Köln Belgien/Deutschland
18%
1984 Preben Elkjaer Larsen SC Lokeren/Hellas Verona Belgien/Italien
18%
1988 Lars Olsen Bröndby IF Dänemark
17%
1987 John Jensen Bröndby IF Dänemark
12%
2010 Dennis Rommedahl Ajax Amsterdam/Olympiakos Piräus Niederlande/Griechenland
7%
1991 Kim Vilfort Bröndby IF Dänemark
5%
2008 Martin Laursen Aston Villa England
2%
2000 René Henriksen Panathinaikos Athen Griechenland
2%
1994 Thomas Helveg Udinese Calcio Italien
2%
2003 Morten Wieghorst Bröndby IF Dänemark
1%
1996 Allan Nielen Bröndby IF/Tottenham Hotspur Dänemark/England
0%
Keine übereinstimmenden Quizze gefunden
Verteilung der Resultate
Anzahl Personen mit jedem Resultat
Perzentil nach korrekt beantworteten Fragen
Ihre Resultats-Entwicklung
Sie haben dieses Quiz noch nicht gespielt